000 00396nam a22001577a 4500
003 OSt
005 20210913091745.0
008 210913b |||||||| |||| 00| 0 eng d
020 _a9788120326187
040 _aHU
_cDDC
082 _a304.6/HOO
245 _aPolitical development and democratic theory
260 _aNew Delhi
_bPHI Learning
_c2009
300 _axi,175p.20cm
942 _2ddc
_cBOOKS
_n0
999 _c3162
_d3162